[Event "3. Campeonato de la Unión Europea"]
[Site "Arvier ITA"]
[Date "2007.06.21"]
[Round "7.6"]
[White "Piscopo, Pierluigi"]
[Black "Sulskis, Sarunas"]
[Result "1/2-1/2"]
[WhiteElo "2392"]
[BlackElo "2533"]
[PlyCount "85"]
[EventDate "2007.06.15"]
[EventType "swiss"]
[EventRounds "10"]
[EventCountry "ITA"]
[Source "lmi"]
[SourceDate "2007.06.15"]

1. e4 e5 2. Nf3 Nc6 3. Bb5 a6 4. Ba4 Nf6 5. O-O Be7 6. Re1 b5 7. Bb3 d6 8. c3
O-O 9. h3 Nb8 10. d4 Nbd7 11. Nbd2 Bb7 12. Bc2 c5 13. b3 Qc7 14. Rb1 d5 15.
dxe5 Nxe5 16. Nxe5 Qxe5 17. Nf3 Qc7 18. e5 Ne4 19. c4 f5 20. exf6 Bxf6 21. Bxe4
dxe4 22. Ng5 Bd4 23. Be3 Bxe3 24. Rxe3 Qf4 25. Rg3 e3 26. Qd7 exf2+ 27. Kh2
Bxg2 28. Ne6 Qe5 29. Qxg7+ Qxg7 30. Rxg7+ Kh8 31. Kxg2 Rf6 32. Rg5 Rxe6 33. Rf1
bxc4 34. bxc4 Re4 35. Rxc5 Rg8+ 36. Kf3 Rh4 37. Rxf2 Rxh3+ 38. Ke4 Rh4+ 39. Rf4
Re8+ 40. Kf3 Rh3+ 41. Kg2 Ra3 42. Rf2 Kg7 43. Rcf5 1/2-1/2

[Event "3. Campeonato de la Unión Europea"]
[Site "Arvier ITA"]
[Date "2007.06.21"]
[Round "7.7"]
[White "Brunello, Sabino"]
[Black "Prie, Eric"]
[Result "1-0"]
[WhiteElo "2454"]
[BlackElo "2513"]
[PlyCount "79"]
[EventDate "2007.06.15"]
[EventType "swiss"]
[EventRounds "10"]
[EventCountry "ITA"]
[Source "lmi"]
[SourceDate "2007.06.15"]

1. e4 d5 2. exd5 Qxd5 3. Nf3 Bg4 4. Be2 Nc6 5. d4 O-O-O 6. c4 Qf5 7. Be3 Bxf3
8. Bxf3 Nxd4 9. Bxd4 Qe6+ 10. Be2 Qe4 11. O-O Qxd4 12. Qa4 e6 13. Nc3 Bd6 14.
Nb5 Qe5 15. Nxd6+ cxd6 16. Bf3 Kb8 17. Rfe1 Qc5 18. b4 Qxc4 19. Bxb7 Ne7 20.
Bf3 Qc7 21. b5 d5 22. Rac1 Qd6 23. Qd4 g6 24. a4 Rc8 25. b6 Nc6 26. bxa7+ Nxa7
27. Rb1+ Ka8 28. a5 Qc5 29. Qf6 Rhf8 30. a6 Rc7 31. Qf4 Rfc8 32. g3 Nb5 33. Kg2
Na3 34. Rb7 Nc4 35. Reb1 e5 36. Qf6 e4 37. Bg4 Re8 38. Bd7 Rxd7 39. Rxd7 Ne5
40. Rd8+ 1-0

[Event "3. Campeonato de la Unión Europea"]
[Site "Arvier ITA"]
[Date "2007.06.21"]
[Round "7.8"]
[White "Likavsky, Tomas"]
[Black "Okhotnik, Vladimir"]
[Result "1-0"]
[WhiteElo "2485"]
[BlackElo "2484"]
[PlyCount "81"]
[EventDate "2007.06.15"]
[EventType "swiss"]
[EventRounds "10"]
[EventCountry "ITA"]
[Source "lmi"]
[SourceDate "2007.06.15"]

1. d4 d6 2. Nf3 Bg4 3. c4 Bxf3 4. exf3 Nd7 5. g3 g6 6. Bg2 c6 7. d5 c5 8. Nc3
Bg7 9. Bd2 h5 10. Qe2 h4 11. f4 a6 12. g4 h3 13. Bf1 b5 14. Rg1 bxc4 15. Qxc4
Rb8 16. Rb1 g5 17. fxg5 Ne5 18. Qa4+ Kf8 19. Be2 a5 20. f4 Rb4 21. Qc2 Nc4 22.
Bc1 Na3 23. bxa3 Bxc3+ 24. Qxc3 Rxb1 25. Kf2 f6 26. Bd3 Qb6 27. Bxb1 Qxb1 28.
Qb3 Qe4 29. Qf3 Qxf3+ 30. Kxf3 fxg5 31. fxg5 e5 32. dxe6 Ke7 33. Bf4 d5 34. Rb1
Kxe6 35. Rb6+ Kf7 36. Be5 Rh4 37. Kg3 Ne7 38. Rf6+ Kg7 39. Kxh4 Ng6+ 40. Rxg6+
Kxg6 41. Bd6 1-0

[Event "3. Campeonato de la Unión Europea"]
[Site "Arvier ITA"]
[Date "2007.06.21"]
[Round "7.9"]
[White "Cebalo, Miso"]
[Black "Foisor, Cristina Adela"]
[Result "1-0"]
[WhiteElo "2491"]
[BlackElo "2384"]
[PlyCount "127"]
[EventDate "2007.06.15"]
[EventType "swiss"]
[EventRounds "10"]
[EventCountry "ITA"]
[Source "lmi"]
[SourceDate "2007.06.15"]

1. d4 d5 2. c4 c6 3. Nf3 Nf6 4. Nc3 a6 5. c5 Nbd7 6. Bf4 Nh5 7. Bd2 Nhf6 8. Rc1
g6 9. h3 Qc7 10. g3 Bg7 11. Bf4 Qd8 12. Bg2 O-O 13. O-O Nh5 14. Bd2 f5 15. b4
e5 16. dxe5 Nxe5 17. Nxe5 Bxe5 18. e3 Ng7 19. Ne2 Be6 20. a4 Qe7 21. Re1 Bf7
22. Qc2 g5 23. Bc3 Bg6 24. f4 Bxc3 25. Qxc3 Nh5 26. Kh2 Nf6 27. Nd4 Ne4 28.
Bxe4 fxe4 29. Rf1 h6 30. f5 Bh7 31. g4 Qe5+ 32. Kg2 Kf7 33. Rf2 Kf6 34. h4 gxh4
35. Rh1 Rg8 36. Rxh4 h5 37. Rxh5 Rxg4+ 38. Kf1 Bg8 39. Ke2 Kf7 40. Qa1 Rf8 41.
Rh6 Ke8 42. b5 Qg7 43. Qh1 Rg1 44. Qh4 axb5 45. axb5 Ra1 46. Rg6 Qh7 47. Re6+
Kd7 48. bxc6+ bxc6 49. Rd6+ Kc8 50. Rxc6+ Kb7 51. Rb6+ Ka8 52. Qxh7 Bxh7 53.
Rb2 Bg8 54. Rh2 Bf7 55. Kd2 Ra3 56. Nb5 Rd3+ 57. Ke2 Rg8 58. Nc7+ Ka7 59. c6
Bh5+ 60. Kf2 Rb8 61. Nb5+ Rxb5 62. Rxb5 Be8 63. Rh1 Ra3 64. c7 1-0

[Event "3. Campeonato de la Unión Europea"]
[Site "Arvier ITA"]
[Date "2007.06.21"]
[Round "7.10"]
[White "D'Amore, Carlo"]
[Black "Vezzosi, Paolo"]
[Result "1-0"]
[WhiteElo "2476"]
[BlackElo "2287"]
[PlyCount "55"]
[EventDate "2007.06.15"]
[EventType "swiss"]
[EventRounds "10"]
[EventCountry "ITA"]
[Source "lmi"]
[SourceDate "2007.06.15"]

1. e4 c5 2. Nf3 Nc6 3. Bb5 g6 4. c3 Qb6 5. Ba4 Bg7 6. d4 cxd4 7. O-O dxc3 8.
Nxc3 Nf6 9. e5 Ng4 10. Nd5 Qd8 11. Re1 O-O 12. Bf4 e6 13. Nc3 f6 14. exf6 Bxf6
15. Bd6 Be7 16. Ne4 Nf6 17. Nxf6+ Rxf6 18. Bxc6 dxc6 19. Bxe7 Qxe7 20. Ne5 Rf8
21. Qb3 a5 22. a4 Qb4 23. Qc2 Qe7 24. Rad1 c5 25. Re3 Ra6 26. Nxg6 hxg6 27.
Qxg6+ Qg7 28. Qh5 1-0

[Event "3. Campeonato de la Unión Europea"]
[Site "Arvier ITA"]
[Date "2007.06.21"]
[Round "7.12"]
[White "Zimina, Olga"]
[Black "Tocchioni, Doriano"]
[Result "1-0"]
[WhiteElo "2377"]
[BlackElo "2247"]
[PlyCount "81"]
[EventDate "2007.06.15"]
[EventType "swiss"]
[EventRounds "10"]
[EventCountry "ITA"]
[Source "lmi"]
[SourceDate "2007.06.15"]

1. e4 c6 2. d4 d5 3. Nc3 a6 4. g3 Nf6 5. e5 Ng8 6. Bg2 Bf5 7. Nge2 e6 8. Be3
Nd7 9. Nf4 h6 10. O-O Qc7 11. a3 g5 12. Nh5 O-O-O 13. b4 f6 14. f4 gxf4 15.
gxf4 Nb6 16. Ng3 Bh7 17. Qg4 f5 18. Qe2 Bg6 19. Nh5 Nc4 20. Bf3 Qf7 21. Bf2 b5
22. Nb1 Kb7 23. c3 Ra8 24. a4 Ne7 25. Nf6 Nc8 26. axb5 axb5 27. Nd2 Nxd2 28.
Qxd2 Bg7 29. Rxa8 Kxa8 30. Ra1+ Kb8 31. c4 Bxf6 32. exf6 Rg8 33. Bg2 bxc4 34.
b5 cxb5 35. Qa5 Qb7 36. Be1 Bh5 37. Kf2 Qb6 38. Qa8+ Kc7 39. Ba5 Re8 40. Bxb6+
Nxb6 41. Ra7+ 1-0

[Event "3. Campeonato de la Unión Europea"]
[Site "Arvier ITA"]
[Date "2007.06.21"]
[Round "7.13"]
[White "Calzetta, Monica"]
[Black "Daulyte, Deimante"]
[Result "0-1"]
[WhiteElo "2340"]
[BlackElo "2224"]
[PlyCount "106"]
[EventDate "2007.06.15"]
[EventType "swiss"]
[EventRounds "10"]
[EventCountry "ITA"]
[Source "lmi"]
[SourceDate "2007.06.15"]

1. e4 e5 2. Nf3 Nc6 3. Bb5 a6 4. Ba4 Nf6 5. d3 d6 6. h3 g6 7. c3 Bg7 8. Nbd2
O-O 9. Nf1 Nd7 10. Be3 Qe8 11. g4 b5 12. Bb3 Nc5 13. Bxc5 dxc5 14. Ne3 Nd8 15.
h4 Be6 16. h5 Bxb3 17. axb3 Ne6 18. Qc2 Qd7 19. Nd5 Rad8 20. O-O-O c6 21. Ne3
a5 22. Kb1 Ra8 23. Rdg1 a4 24. hxg6 fxg6 25. Ne1 axb3 26. Qxb3 Rxf2 27. Rg2
Rxg2 28. N3xg2 c4 29. dxc4 bxc4 30. Qc2 Nc5 31. Qe2 Nd3 32. Ne3 Qa7 33. Nxc4
Nf4 34. Qf1 Qa1+ 35. Kc2 Rd8 36. Nf3 Qa4+ 37. Kb1 Nd3 38. Nfd2 Nc5 39. Nb6 Qa5
40. Nbc4 Qb5 41. g5 Ne6 42. Nf3 Qc5 43. b3 Rb8 44. Kc2 Qa7 45. Nb2 Qe3 46. Qc4
Qxf3 47. Qxe6+ Kh8 48. Qh3 Qxe4+ 49. Nd3 Qe2+ 50. Kc1 h5 51. gxh6 Bf8 52. Rh2
Ba3+ 53. Kb1 Rxb3+ 0-1

[Event "3. Campeonato de la Unión Europea"]
[Site "Arvier ITA"]
[Date "2007.06.21"]
[Round "7.14"]
[White "Borosova, Zuzana"]
[Black "Foisor, Sabina Francesca"]
[Result "0-1"]
[WhiteElo "2206"]
[BlackElo "2333"]
[PlyCount "98"]
[EventDate "2007.06.15"]
[EventType "swiss"]
[EventRounds "10"]
[EventCountry "ITA"]
[Source "lmi"]
[SourceDate "2007.06.15"]

1. e4 e6 2. d4 d5 3. Nc3 Bb4 4. e5 c5 5. a3 Bxc3+ 6. bxc3 Qa5 7. Bd2 Qa4 8. Nf3
c4 9. h4 Nc6 10. h5 h6 11. Nh4 Nge7 12. g3 Bd7 13. Bh3 O-O-O 14. Bf4 g5 15.
hxg6 fxg6 16. Be3 Rdg8 17. Ng2 g5 18. Bg4 Nd8 19. Bh5 Be8 20. Kd2 Nf5 21. Rh2
Nc6 22. Bxe8 Rxe8 23. Qh1 Qa5 24. Rb1 Nfxd4 25. Rxh6 Nf3+ 26. Kd1 Rxh6 27. Qxh6
Ncxe5 28. Bxg5 Qxc3 29. Bd2 Nxd2 30. Qxd2 Qf3+ 31. Qe2 Qxg2 32. Qxe5 Qxf2 33.
Kc1 Qf5 34. Qg7 Qf1+ 35. Kb2 Qf8 36. Qg4 Qg8 37. Qf4 e5 38. Qf5+ Qe6 39. Qh7 d4
40. Ka1 Qe7 41. Qf5+ Kb8 42. Ka2 e4 43. Qd5 d3 44. cxd3 cxd3 45. Kb3 Qc7 46.
Ka2 Rc8 47. Qxe4 Qf7+ 48. Ka1 Qf6+ 49. Rb2 Rc1+ 0-1

[Event "3. Campeonato de la Unión Europea"]
[Site "Arvier ITA"]
[Date "2007.06.21"]
[Round "7.15"]
[White "Cocchi, Andrea"]
[Black "Pantaleoni, Claudio"]
[Result "1/2-1/2"]
[WhiteElo "2321"]
[BlackElo "2219"]
[PlyCount "30"]
[EventDate "2007.06.15"]
[EventType "swiss"]
[EventRounds "10"]
[EventCountry "ITA"]
[Source "lmi"]
[SourceDate "2007.06.15"]

1. Nf3 Nf6 2. c4 g6 3. g3 Bg7 4. Bg2 O-O 5. O-O d6 6. Nc3 e5 7. d3 Nc6 8. Rb1
a5 9. a3 Nd4 10. Nd2 c6 11. e3 Ne6 12. b3 d5 13. cxd5 cxd5 14. e4 Nc7 15. a4
Bg4 1/2-1/2

[Event "3. Campeonato de la Unión Europea"]
[Site "Arvier ITA"]
[Date "2007.06.21"]
[Round "7.16"]
[White "Rombaldoni, Denis"]
[Black "Makka, Ioulia"]
[Result "1-0"]
[WhiteElo "2368"]
[BlackElo "2185"]
[PlyCount "105"]
[EventDate "2007.06.15"]
[EventType "swiss"]
[EventRounds "10"]
[EventCountry "ITA"]
[Source "lmi"]
[SourceDate "2007.06.15"]

1. d4 Nf6 2. Nc3 d5 3. Bg5 Bf5 4. Bxf6 gxf6 5. e3 c6 6. g4 Bd7 7. h3 Qb6 8.
Nge2 Na6 9. Bg2 O-O-O 10. Na4 Qa5+ 11. c3 b5 12. Nc5 Nxc5 13. b4 Qa4 14. bxc5
Qxd1+ 15. Kxd1 a6 16. a4 Kb7 17. Kd2 Bg7 18. Ng3 Rhe8 19. Rhb1 e6 20. c4 Ra8
21. axb5 axb5 22. cxb5 cxb5 23. Bf1 Rxa1 24. Rxa1 Rb8 25. Bd3 h6 26. Nh5 Bh8
27. Ra5 Ra8 28. Rxa8 Kxa8 29. Kc3 Kb7 30. Kb4 Ka6 31. f4 Bc6 32. Bh7 Be8 33.
Bg8 e5 34. f5 Kb7 35. Ng3 e4 36. Nh5 Kc6 37. h4 Kb7 38. Bh7 Bd7 39. Nf4 Kc6 40.
Nh5 Kb7 41. Nf4 Kc6 42. h5 Be8 43. Bg6 Kb7 44. Nxd5 fxg6 45. hxg6 h5 46. gxh5
Bg7 47. h6 Bxh6 48. Nxf6 Bxe3 49. Nxe8 Bd2+ 50. Kxb5 e3 51. g7 e2 52. g8=Q e1=Q
53. Nd6+ 1-0

[Event "3. Campeonato de la Unión Europea"]
[Site "Arvier ITA"]
[Date "2007.06.21"]
[Round "7.17"]
[White "Pepino, Enrico"]
[Black "Castaldo, Folco"]
[Result "0-1"]
[WhiteElo "2153"]
[BlackElo "2330"]
[PlyCount "88"]
[EventDate "2007.06.15"]
[EventType "swiss"]
[EventRounds "10"]
[EventCountry "ITA"]
[Source "lmi"]
[SourceDate "2007.06.15"]

1. e4 c5 2. Nf3 a6 3. c3 d5 4. exd5 Qxd5 5. d4 Nf6 6. Be2 cxd4 7. cxd4 g6 8.
Nc3 Qd8 9. O-O Bg7 10. Bg5 O-O 11. Qd2 Nbd7 12. Rfd1 Ne8 13. Rac1 Ndf6 14. Bh6
Nd6 15. Bxg7 Kxg7 16. a4 Bd7 17. d5 Qb6 18. Ne5 Rad8 19. Bf3 Rfe8 20. g4 Qb4
21. h3 Bxa4 22. Nd3 Qd4 23. Nxa4 Qxa4 24. g5 Nd7 25. b4 Kg8 26. Rc7 Rc8 27. Nb2
Qxd1+ 28. Bxd1 Rxc7 29. Bg4 Ne5 30. Nd3 Nxd3 31. Qxd3 Rc4 32. Qd2 Ne4 33. Qb2
Nxg5 34. b5 Ne4 35. bxa6 bxa6 36. Qa2 Rd4 37. Bf3 Nf6 38. Qxa6 Nxd5 39. Qa7 e5
40. h4 h5 41. Qc5 Nf6 42. Bc6 Rc8 43. Qb5 Kg7 44. Kf1 Rd6 0-1

[Event "3. Campeonato de la Unión Europea"]
[Site "Arvier ITA"]
[Date "2007.06.21"]
[Round "7.18"]
[White "Friedrich, Norbert"]
[Black "Sorcinelli, Francesco"]
[Result "1-0"]
[WhiteElo "2317"]
[BlackElo "2131"]
[PlyCount "41"]
[EventDate "2007.06.15"]
[EventType "swiss"]
[EventRounds "10"]
[EventCountry "ITA"]
[Source "lmi"]
[SourceDate "2007.06.15"]

1. e4 g6 2. d4 Bg7 3. Nf3 d6 4. Be2 a6 5. O-O Nf6 6. Nc3 O-O 7. Re1 b5 8. e5
Nfd7 9. e6 fxe6 10. Ng5 Nf6 11. Bf3 d5 12. Nxe6 Bxe6 13. Rxe6 Qd7 14. Rxf6 Bxf6
15. Bxd5+ Kg7 16. Bxa8 c6 17. Bf4 a5 18. d5 Bxc3 19. Bxb8 Bxb2 20. Rb1 cxd5 21.
Bg3 1-0

[Event "3. Campeonato de la Unión Europea"]
[Site "Arvier ITA"]
[Date "2007.06.21"]
[Round "7.19"]
[White "Rombaldoni, Axel"]
[Black "Almond, Richard"]
[Result "1-0"]
[WhiteElo "2221"]
[BlackElo "2088"]
[PlyCount "55"]
[EventDate "2007.06.15"]
[EventType "swiss"]
[EventRounds "10"]
[EventCountry "ITA"]
[Source "lmi"]
[SourceDate "2007.06.15"]

1. e4 d5 2. exd5 Qxd5 3. Nc3 Qa5 4. d4 c6 5. Nf3 Nf6 6. Bc4 Bf5 7. Bd2 e6 8.
Nd5 Qd8 9. Nxf6+ Qxf6 10. Qe2 Nd7 11. O-O-O Nb6 12. Bg5 Qg6 13. d5 f6 14. dxc6
Nxc4 15. cxb7 Rb8 16. Qxc4 Be7 17. Bf4 e5 18. Qc6+ Kf8 19. Bxe5 fxe5 20. Qc7
Qe8 21. Nxe5 Bg5+ 22. Kb1 Rxb7 23. Qxb7 Qxe5 24. Rhe1 Qc5 25. Qa8+ Qc8 26.
Qxc8+ Bxc8 27. Rd5 Be7 28. Rde5 1-0

[Event "3. Campeonato de la Unión Europea"]
[Site "Arvier ITA"]
[Date "2007.06.21"]
[Round "7.20"]
[White "Turturici, Pellegrino"]
[Black "Maahs, Erich"]
[Result "1-0"]
[WhiteElo "2010"]
[BlackElo "2193"]
[PlyCount "95"]
[EventDate "2007.06.15"]
[EventType "swiss"]
[EventRounds "10"]
[EventCountry "ITA"]
[Source "lmi"]
[SourceDate "2007.06.15"]

1. Nf3 d5 2. d4 Nf6 3. c4 dxc4 4. Nc3 a6 5. a4 Nc6 6. e3 Na5 7. Ne5 Be6 8. Be2
c6 9. O-O g6 10. Qc2 Bg7 11. Rd1 Qc8 12. Bd2 Nb3 13. Ra2 Nxd2 14. Qxd2 b5 15.
axb5 axb5 16. Rxa8 Qxa8 17. Bf3 Nd5 18. e4 Nxc3 19. bxc3 Bxe5 20. dxe5 O-O 21.
g3 Qa3 22. Bg2 Qc5 23. Qf4 Kg7 24. h4 h6 25. Bf1 f6 26. exf6+ Rxf6 27. Qd2 Bg4
28. Qd4 Qxd4 29. Rxd4 Rd6 30. Rxd6 exd6 31. Kg2 Bd1 32. f3 Kf6 33. Kf2 g5 34.
hxg5+ hxg5 35. Ke3 c5 36. f4 g4 37. Kd2 Bf3 38. Ke3 Ke6 39. Be2 b4 40. Bxc4+ d5
41. Bxd5+ Kd6 42. cxb4 cxb4 43. Bb3 Kc5 44. e5 Bc6 45. f5 Bd5 46. Bxd5 Kxd5 47.
e6 b3 48. Kd3 1-0

[Event "3. Campeonato de la Unión Europea"]
[Site "Arvier ITA"]
[Date "2007.06.21"]
[Round "7.22"]
[White "Bashkite, Viktoria"]
[Black "Majer, Chris E"]
[Result "0-1"]
[WhiteElo "2202"]
[BlackElo "2036"]
[PlyCount "102"]
[EventDate "2007.06.15"]
[EventType "swiss"]
[EventRounds "10"]
[EventCountry "ITA"]
[Source "lmi"]
[SourceDate "2007.06.15"]

1. Nf3 Nf6 2. c4 c5 3. Nc3 Nc6 4. d4 cxd4 5. Nxd4 g6 6. e4 d6 7. Be2 Nxd4 8.
Qxd4 Bg7 9. Bg5 Qa5 10. Qd2 O-O 11. O-O Be6 12. f3 Rfe8 13. Rac1 Rac8 14. b3
Bd7 15. Kh1 Bc6 16. Be3 Nd7 17. Qe1 Kf8 18. Bd2 Kg8 19. Qh4 Nf6 20. Rc2 Qc7 21.
Bd3 b6 22. f4 Qb7 23. Nd5 b5 24. f5 bxc4 25. bxc4 Ba4 26. Rcc1 Qb2 27. Bc3 Qa3
28. fxg6 hxg6 29. Qf4 Bc6 30. Bxf6 exf6 31. Nxf6+ Bxf6 32. Qxf6 Rc7 33. Rc3 Qc5
34. Rc2 Qe5 35. Qh4 Rb8 36. Rcf2 Rd7 37. Qg4 Rb2 38. Rxb2 Qxb2 39. c5 Qd4 40.
Bc2 dxc5 41. Bb3 Qxe4 42. Qg3 c4 43. Bd1 Qd3 44. Qb8+ Kh7 45. Qf4 Qxd1 46. h4
Qd2 47. Qg4 c3 48. h5 Qh6 49. Qc4 Qxh5+ 50. Kg1 Qd5 51. Qh4+ Kg8 0-1

[Event "3. Campeonato de la Unión Europea"]
[Site "Arvier ITA"]
[Date "2007.06.21"]
[Round "7.23"]
[White "Miatello, Alberto"]
[Black "Llaneza Vega, Marcos"]
[Result "0-1"]
[WhiteElo "2062"]
[BlackElo "2455"]
[PlyCount "62"]
[EventDate "2007.06.15"]
[EventType "swiss"]
[EventRounds "10"]
[EventCountry "ITA"]
[Source "lmi"]
[SourceDate "2007.06.15"]

1. e4 c5 2. Nf3 Nc6 3. d4 cxd4 4. c3 d3 5. Bxd3 e6 6. O-O Nf6 7. Bf4 Be7 8. h3
d6 9. Nbd2 O-O 10. Qe2 e5 11. Bh2 h6 12. Nc4 Be6 13. Ne3 Qc7 14. Nf5 Bxf5 15.
exf5 Rfe8 16. Bc2 Qb6 17. Rab1 d5 18. b4 Bd6 19. b5 Na5 20. Kh1 e4 21. Nh4 Bxh2
22. Kxh2 Qc7+ 23. Kh1 Qxc3 24. b6 axb6 25. Rxb6 Nc4 26. Rb3 Qd2 27. Qd1 Rxa2
28. Bb1 Qxd1 29. Rxd1 Rxf2 30. Rxb7 e3 31. Bd3 Nb2 0-1

[Event "3. Campeonato de la Unión Europea"]
[Site "Arvier ITA"]
[Date "2007.06.21"]
[Round "7.24"]
[White "Brancaleoni, Maurizio"]
[Black "Battistella, Stefano"]
[Result "1/2-1/2"]
[WhiteElo "2263"]
[BlackElo "2068"]
[PlyCount "39"]
[EventDate "2007.06.15"]
[EventType "swiss"]
[EventRounds "10"]
[EventCountry "ITA"]
[Source "lmi"]
[SourceDate "2007.06.15"]

1. d4 d5 2. c4 dxc4 3. Nf3 c6 4. e3 b5 5. a4 e6 6. b3 Bb4+ 7. Bd2 Bxd2+ 8.
Nfxd2 cxb3 9. axb5 b2 10. Ra2 Ne7 11. Qc2 O-O 12. Bd3 Nd5 13. Rxb2 cxb5 14.
Bxb5 a5 15. O-O Ba6 16. Nc3 Nb4 17. Qe4 Ra7 18. Bxa6 N8xa6 19. Nb5 Ra8 20. Ra1
1/2-1/2

[Event "3. Campeonato de la Unión Europea"]
[Site "Arvier ITA"]
[Date "2007.06.21"]
[Round "7.25"]
[White "Tate, Alan"]
[Black "Cazzaniga, Walter"]
[Result "1-0"]
[WhiteElo "2058"]
[BlackElo "2174"]
[PlyCount "77"]
[EventDate "2007.06.15"]
[EventType "swiss"]
[EventRounds "10"]
[EventCountry "ITA"]
[Source "lmi"]
[SourceDate "2007.06.15"]

1. e4 e6 2. d4 d5 3. Nd2 Nf6 4. e5 Nfd7 5. Bd3 c5 6. c3 Nc6 7. Ngf3 cxd4 8.
cxd4 Qb6 9. O-O Nxd4 10. Nxd4 Qxd4 11. Nf3 Qb6 12. a3 f6 13. Re1 Bc5 14. Qc2 f5
15. b4 Be7 16. Be3 Qd8 17. Nd4 Nb6 18. Bb5+ Kf7 19. g4 fxg4 20. Qe2 h5 21. h3
Bd7 22. Bd3 Rc8 23. hxg4 h4 24. f4 Nc4 25. Bf2 Kg8 26. f5 Rh6 27. Kh1 Bg5 28.
Rg1 Qc7 29. Nf3 Bf4 30. Bd4 Re8 31. g5 Rh8 32. f6 gxf6 33. gxf6+ Kf8 34. Rg7 b6
35. Bg6 Rc8 36. Rc1 Bg3 37. Ng5 Qc6 38. Nh7+ Rxh7 39. Rxh7 1-0

[Event "3. Campeonato de la Unión Europea"]
[Site "Arvier ITA"]
[Date "2007.06.21"]
[Round "7.26"]
[White "Pace, Colin"]
[Black "Marguerettaz, Davy"]
[Result "1-0"]
[WhiteElo "2146"]
[BlackElo "2005"]
[PlyCount "77"]
[EventDate "2007.06.15"]
[EventType "swiss"]
[EventRounds "10"]
[EventCountry "ITA"]
[Source "lmi"]
[SourceDate "2007.06.15"]

1. e4 e5 2. Nf3 Nc6 3. Bc4 Bc5 4. c3 Nf6 5. d3 O-O 6. Bb3 d5 7. Nbd2 Bg4 8. h3
Bh5 9. Qe2 d4 10. Nf1 Qd7 11. Ng3 Bxf3 12. Qxf3 Rad8 13. Bc2 Ne8 14. O-O Nd6
15. Qe2 dxc3 16. bxc3 f5 17. exf5 Bb6 18. Bg5 Rde8 19. Bb3+ Kh8 20. Be6 Rxe6
21. fxe6 Qxe6 22. Be3 Ba5 23. Qc2 Ne7 24. Rac1 Qg6 25. Qa4 Bb6 26. Bxb6 axb6
27. Qh4 Nd5 28. Qg4 Qxg4 29. hxg4 Nf4 30. Rfd1 Ra8 31. Rc2 Nb5 32. Ne4 Ra3 33.
g3 Nxc3 34. Nxc3 Rxc3 35. Rxc3 Ne2+ 36. Kf1 Nxc3 37. Rc1 Nd5 38. Re1 h6 39. a3
1-0

[Event "3. Campeonato de la Unión Europea"]
[Site "Arvier ITA"]
[Date "2007.06.21"]
[Round "7.27"]
[White "Beggi, Pierluigi"]
[Black "Chierici, Marianna"]
[Result "1/2-1/2"]
[WhiteElo "2141"]
[BlackElo "1996"]
[PlyCount "120"]
[EventDate "2007.06.15"]
[EventType "swiss"]
[EventRounds "10"]
[EventCountry "ITA"]
[Source "lmi"]
[SourceDate "2007.06.15"]

1. d4 d6 2. e4 Nf6 3. Nc3 e5 4. dxe5 dxe5 5. Qxd8+ Kxd8 6. Bc4 Be6 7. Bxe6 fxe6
8. Bg5 Bd6 9. Nge2 Ke7 10. O-O-O Nbd7 11. f3 a6 12. Kb1 Raf8 13. Nc1 h6 14. Be3
g5 15. h3 Rf7 16. Nd3 Rg8 17. Rdf1 Nh5 18. Ne2 Nf8 19. g4 Nf6 20. h4 gxh4 21.
Bxh6 Rg6 22. Bd2 Rg8 23. g5 N6h7 24. f4 Nd7 25. Rxh4 Nxg5 26. f5 exf5 27. exf5
Nh7 28. Nc3 Nhf6 29. Nf2 Rfg7 30. Nfe4 Rg1 31. Rh1 Rxh1 32. Rxh1 Bb4 33. Bg5
Kf7 34. Bxf6 Bxc3 35. Rh7+ Kf8 36. bxc3 Nxf6 37. Nxf6 Rg5 38. Rh5 Rg1+ 39. Kb2
Kf7 40. Ne4 Kg7 41. Rh3 Rf1 42. Rg3+ Kf7 43. Rg4 Rxf5 44. Rg5 Rxg5 45. Nxg5+
Kg6 46. Ne4 b6 47. Kc1 Kf5 48. Nd2 Ke6 49. Kd1 Kd5 50. Ke2 Kc5 51. Kd3 Kb5 52.
Ke4 Ka4 53. Kd5 Ka3 54. Kc6 Kxa2 55. Kxc7 b5 56. Kb6 Kb2 57. Ne4 Kxc2 58. Kxa6
Kd3 59. Kxb5 Kxe4 60. c4 Kd3 1/2-1/2

[Event "3. Campeonato de la Unión Europea"]
[Site "Arvier ITA"]
[Date "2007.06.21"]
[Round "7.28"]
[White "Diotallevi, Maurizio"]
[Black "Campbell, Ian"]
[Result "1/2-1/2"]
[WhiteElo "2137"]
[BlackElo "1996"]
[PlyCount "89"]
[EventDate "2007.06.15"]
[EventType "swiss"]
[EventRounds "10"]
[EventCountry "ITA"]
[Source "lmi"]
[SourceDate "2007.06.15"]

1. d4 Nf6 2. c4 e6 3. Nc3 d5 4. cxd5 exd5 5. Bg5 Be7 6. e3 O-O 7. Bd3 h6 8. Bh4
c6 9. Qc2 a5 10. f3 Na6 11. a3 Nc7 12. Nge2 Re8 13. O-O Nd7 14. Bf2 Nf8 15.
Rae1 Bh4 16. Ng3 Nce6 17. b4 axb4 18. axb4 b5 19. Ra1 Bd7 20. Kh1 g6 21. Nce2
Be7 22. Qb2 Qc7 23. Rfc1 Qb7 24. Be1 Rxa1 25. Rxa1 Ra8 26. Nc1 Be8 27. Nb3 Rxa1
28. Qxa1 Nd7 29. Nc5 Ndxc5 30. dxc5 Bf8 31. Bc3 Qd7 32. Ne2 Bg7 33. Kg1 Qe7 34.
g3 Bxc3 35. Qxc3 Ng5 36. Kf2 Bd7 37. Bc2 Nh7 38. h4 Nf6 39. Qd4 Nh5 40. Nf4
Nxf4 41. Qxf4 Kg7 42. Ke2 Qf6 43. Qd4 Qxd4 44. exd4 Kf6 45. Ke3 1/2-1/2

[Event "3. Campeonato de la Unión Europea"]
[Site "Arvier ITA"]
[Date "2007.06.21"]
[Round "7.29"]
[White "Brauer, Christian"]
[Black "Pipitone, Antonio"]
[Result "1/2-1/2"]
[WhiteElo "2132"]
[BlackElo "1994"]
[PlyCount "87"]
[EventDate "2007.06.15"]
[EventType "swiss"]
[EventRounds "10"]
[EventCountry "ITA"]
[Source "lmi"]
[SourceDate "2007.06.15"]

1. Nf3 Nf6 2. c4 e6 3. g3 g6 4. b3 Bg7 5. Bb2 O-O 6. Bg2 d5 7. O-O Nbd7 8. d3
Re8 9. Nbd2 c6 10. Qc2 e5 11. e3 a5 12. Rac1 Qb6 13. Bc3 c5 14. cxd5 Nxd5 15.
Nc4 Qe6 16. Ng5 Qe7 17. Bxd5 Qxg5 18. Bxa5 Nf6 19. Bg2 Ra6 20. Bc3 h5 21. h4
Qf5 22. a4 e4 23. dxe4 Nxe4 24. Bxg7 Kxg7 25. Nd2 Nxd2 26. Qxd2 Rb6 27. Qc3+
Kg8 28. Qxc5 Rxb3 29. Rfd1 Rb2 30. Qxf5 Bxf5 31. Rc7 b6 32. Bc6 Re5 33. Bb5 Be6
34. Rc6 Rf5 35. f4 Bd5 36. Rxb6 Rg2+ 37. Kf1 Rxg3 38. Bd3 Bf3 39. Bxf5 Bxd1 40.
Kf2 Rf3+ 41. Ke1 Rxe3+ 42. Kxd1 gxf5 43. Rb5 Re4 44. Rxf5 1/2-1/2

[Event "3. Campeonato de la Unión Europea"]
[Site "Arvier ITA"]
[Date "2007.06.21"]
[Round "7.30"]
[White "Raineri, Valerio"]
[Black "Bossoni, Mario"]
[Result "1/2-1/2"]
[WhiteElo "2123"]
[BlackElo "1964"]
[PlyCount "101"]
[EventDate "2007.06.15"]
[EventType "swiss"]
[EventRounds "10"]
[EventCountry "ITA"]
[Source "lmi"]
[SourceDate "2007.06.15"]

1. e4 c5 2. Nf3 e6 3. d4 cxd4 4. Nxd4 Nf6 5. Nc3 d6 6. Be3 Nc6 7. f3 Be7 8. Qd2
a6 9. g4 O-O 10. O-O-O Nd7 11. Kb1 Nxd4 12. Bxd4 b5 13. h4 Qc7 14. g5 b4 15.
Ne2 Nc5 16. h5 e5 17. Be3 Be6 18. Bh3 Bxh3 19. Rxh3 Rfc8 20. g6 Na4 21. Rc1
Rab8 22. Qd5 Bf8 23. f4 Rb5 24. Qxf7+ Qxf7 25. gxf7+ Kxf7 26. Rf1 Kg8 27. Rg1
Nc5 28. Ng3 Kh8 29. Rh4 Rb7 30. fxe5 dxe5 31. Nf5 Ne6 32. Rhg4 Rbc7 33. R1g2
Rd7 34. Rg1 Rdc7 35. Rc1 Rd7 36. Nh4 Bc5 37. Bxc5 Rxc5 38. Nf3 Rdc7 39. Rgg1
Nf4 40. Rcd1 Rc8 41. Rg5 h6 42. Rf5 Rxc2 43. Nxe5 Ne2 44. Nd3 R2c4 45. Ra5 Rxe4
46. Ne5 Rd4 47. Rf1 Kh7 48. Rxa6 Rd5 49. Rc6 Rxc6 50. Nxc6 Rxh5 51. Nxb4
1/2-1/2